|
|
|
|
| LEADER |
01561nam a2200433 a 4500 |
| 001 |
nkc20102093621 |
| 003 |
CZ PrNK |
| 005 |
20100712144707.0 |
| 007 |
ta |
| 008 |
100330s2010 xr a e 010 0 eng |
| 015 |
|
|
|a cnb002093621
|
| 020 |
|
|
|a 978-80-7308-299-4
|q (brož.)
|
| 035 |
|
|
|a (OCoLC)649801049
|
| 040 |
|
|
|a ABA001
|b cze
|
| 041 |
0 |
|
|a eng
|a cze
|
| 072 |
|
7 |
|a 81
|x Lingvistika. Jazyky
|2 Konspekt
|9 11
|
| 080 |
|
|
|a 811.111
|2 MRF
|
| 080 |
|
|
|a 81'1
|2 MRF
|
| 080 |
|
|
|a (062.552)
|2 MRF
|
| 245 |
0 |
0 |
|a --for thy speech bewrayeth thee :
|b a festschrift for Libuše Dušková /
|c edited by Markéta Malá and Pavlína Šaldová
|
| 250 |
|
|
|a Vyd. 1.
|
| 260 |
|
|
|a V Praze :
|b Univerzita Karlova, Filozofická fakulta,
|c 2010
|
| 300 |
|
|
|a 350 s. :
|b il. ;
|c 21 cm
|
| 504 |
|
|
|a Obsahuje bibliografie a bibliografické odkazy
|
| 546 |
|
|
|a Část. český text
|
| 650 |
0 |
7 |
|a angličtina
|7 ph114056
|2 czenas
|
| 650 |
0 |
7 |
|a lingvistika
|7 ph115153
|2 czenas
|
| 650 |
0 |
9 |
|a English language
|2 eczenas
|
| 650 |
0 |
9 |
|a linguistics
|2 eczenas
|
| 655 |
|
7 |
|a sborníky
|7 fd724344
|2 czenas
|
| 655 |
|
9 |
|a papers
|2 eczenas
|
| 700 |
1 |
|
|a Malá, Markéta,
|d 1967-
|7 jx20100607014
|4 edt
|
| 700 |
1 |
|
|a Šaldová, Pavlína,
|d 1971-
|7 jx20100607021
|4 edt
|
| 856 |
4 |
1 |
|u http://www.digitalniknihovna.cz/mzk/uuid/uuid:93214ab0-489f-11e4-aded-005056827e51
|y Digitalizovaný dokument
|x NDK
|
| 910 |
2 |
|
|a BOA001
|b 2-1241.754
|
| 990 |
|
|
|a BK
|
| 995 |
|
|
|a 01
|
| 991 |
|
|
|b 201006
|c NOV
|
| 996 |
6 |
|
|b 2610439061
|c 2-1241.754
|l MZK
|r Sklad / do 1 hodiny
|n 2
|p p.v.
|w 001126215
|u 000010
|a 1
|e BOA001
|j MZK50
|s P
|